Can you name every WWE PPV event in Saudi Arabia - Statistics

General Stats
  • This quiz has been taken 36 times
  • The average score is 8 of 10
Answer Stats
Date Event % Correct
November 2018 Crown Jewel
97%
October 2019 Crown Jewel
97%
October 2021 Crown Jewel
97%
November 2022 Crown Jewel
97%
November 2023 Crown Jewel
97%
April 2018 Greatest Royal Rumble
74%
June 2019 Super ShowDown
74%
February 2020 Super ShowDown
74%
May 2023 Night of Champions
65%
February 2022 Elimination Chamber
62%
No matching quizzes found
Score Distribution
Percent of People with Each Score
Percentile by Number Answered
Your Score History
You have not taken this quiz